000 00535nam a2200181Ia 4500
008 100920s9999 xx 000 0 und d
082 _b95592
_a--- न 06
100 _aनाईक गुरुनाथ.
245 _aसरताज.
260 _bगीता एजन्सीज्र, सोलापूर.
_c2006
300 _a160
_bसाधी
365 _b140
520 _aकादंबरी.
630 _aसरताज.
650 _aकादंबरी.
730 _aसरताज.
942 _cBOOK
999 _c736034
_d736031